<?xml version="1.0" encoding="UTF-8"?><?xml-stylesheet type="text/xsl" href="static/style.xsl"?><OAI-PMH xmlns="http://www.openarchives.org/OAI/2.0/" xmlns:xsi="http://www.w3.org/2001/XMLSchema-instance" xsi:schemaLocation="http://www.openarchives.org/OAI/2.0/ http://www.openarchives.org/OAI/2.0/OAI-PMH.xsd"><responseDate>2026-04-17T03:35:00Z</responseDate><request verb="GetRecord" identifier="oai:www.recercat.cat:11351/11671" metadataPrefix="marc">https://recercat.cat/oai/request</request><GetRecord><record><header><identifier>oai:recercat.cat:11351/11671</identifier><datestamp>2025-10-24T10:28:30Z</datestamp><setSpec>com_2072_378070</setSpec><setSpec>com_2072_378040</setSpec><setSpec>col_2072_378092</setSpec></header><metadata><record xmlns="http://www.loc.gov/MARC21/slim" xmlns:dcterms="http://purl.org/dc/terms/" xmlns:xsi="http://www.w3.org/2001/XMLSchema-instance" xmlns:doc="http://www.lyncode.com/xoai" xsi:schemaLocation="http://www.loc.gov/MARC21/slim http://www.loc.gov/standards/marcxml/schema/MARC21slim.xsd">
   <leader>00925njm 22002777a 4500</leader>
   <datafield ind2=" " ind1=" " tag="042">
      <subfield code="a">dc</subfield>
   </datafield>
   <datafield ind2=" " ind1=" " tag="720">
      <subfield code="a">Bonet, Marta</subfield>
      <subfield code="e">author</subfield>
   </datafield>
   <datafield ind2=" " ind1=" " tag="720">
      <subfield code="a">Recalde Vizcay, Enar</subfield>
      <subfield code="e">author</subfield>
   </datafield>
   <datafield ind2=" " ind1=" " tag="720">
      <subfield code="a">Soto Cambres, Ana Maria</subfield>
      <subfield code="e">author</subfield>
   </datafield>
   <datafield ind2=" " ind1=" " tag="720">
      <subfield code="a">Martinez Moñino, Alvaro</subfield>
      <subfield code="e">author</subfield>
   </datafield>
   <datafield ind2=" " ind1=" " tag="720">
      <subfield code="a">Murcia-Mejia, Mauricio</subfield>
      <subfield code="e">author</subfield>
   </datafield>
   <datafield ind2=" " ind1=" " tag="720">
      <subfield code="a">MASES ROSINES, JOEL</subfield>
      <subfield code="e">author</subfield>
   </datafield>
   <datafield ind2=" " ind1=" " tag="260">
      <subfield code="c">2024-07-05T07:54:14Z</subfield>
   </datafield>
   <datafield ind2=" " ind1=" " tag="260">
      <subfield code="c">2024-07-05T07:54:14Z</subfield>
   </datafield>
   <datafield ind2=" " ind1=" " tag="260">
      <subfield code="c">2024</subfield>
   </datafield>
   <datafield ind2=" " ind1=" " tag="520">
      <subfield code="a">Social media; Social networks; Radiation oncology</subfield>
   </datafield>
   <datafield ind2=" " ind1=" " tag="520">
      <subfield code="a">Medios de comunicación social; Redes sociales; Oncología radioterápica</subfield>
   </datafield>
   <datafield ind2=" " ind1=" " tag="520">
      <subfield code="a">Mitjans de comunicació social; Xarxes socials; Oncologia radioteràpica</subfield>
   </datafield>
   <datafield ind2=" " ind1=" " tag="520">
      <subfield code="a">Background: The purpose of this study was to explore the usage patterns and profiles of social media (SM) platforms among Radiation Oncologists (RO) and Physicists in the scope of the Catalan-Occitan Oncology Group (GOCO).&#xd;
Materials and methods: From November 2022 to March 2023, a comprehensive survey was sent to Radiation Oncology professionals within the GOCO group, comprising 31 questions that covered demographics (4) and general inquiries (9), user behavior on social media (7), profile of SM activity (7), and participants' opinions (4) regarding professional use of SM. The survey reached professionals from 12 centers, encompassing 10 in Catalonia and 2 in French Occitania.&#xd;
Results: The survey achieved a 61.37% response rate (178/290 professionals) with an average age of 41.9 years. 120 (67%) were ROs, and 58 (33%) were Physicists. Instagram led in usage (n = 116), followed by Facebook (n = 107) and Twitter (n = 77). Age correlated inversely with the number of platforms used (Spearman's rank correlation coefficient -0.238, p = 0.001). 28% (n = 42) changed clinical practices based on SM information. A 78.5% (n = 117) didn't counter inappropriate content. Most (71.7%, n = 109) spent &lt; 1 hour daily on professional SM use, however more Physicians exceeded 2 hours compared to Physicists (Cohen’s kappa 2 = 0.07). 41.8% (n = 64) weren’t emotionally concerned while 22.9% (n = 35) felt overwhelmed by SM overload.&#xd;
Conclusions: The study offers valuable insights into the usage patterns, preferences, and attitudes of Radiation Oncology professionals towards SM platforms. This understanding is crucial for optimizing content quality and delivering relevant information, thereby enabling more effective marketing strategies and enhancing emotional management among these professionals.</subfield>
   </datafield>
   <datafield ind1="8" ind2=" " tag="024">
      <subfield code="a">http://hdl.handle.net/11351/11671</subfield>
   </datafield>
   <datafield tag="653" ind2=" " ind1=" ">
      <subfield code="a">Xarxes socials en línia</subfield>
   </datafield>
   <datafield tag="653" ind2=" " ind1=" ">
      <subfield code="a">Metges</subfield>
   </datafield>
   <datafield tag="653" ind2=" " ind1=" ">
      <subfield code="a">Oncologia</subfield>
   </datafield>
   <datafield tag="653" ind2=" " ind1=" ">
      <subfield code="a">Enquestes</subfield>
   </datafield>
   <datafield tag="653" ind2=" " ind1=" ">
      <subfield code="a">Radiologia mèdica</subfield>
   </datafield>
   <datafield tag="653" ind2=" " ind1=" ">
      <subfield code="a">NAMED GROUPS::Persons::Occupational Groups::Health Personnel::Physicians::Oncologists::Radiation Oncologists</subfield>
   </datafield>
   <datafield tag="653" ind2=" " ind1=" ">
      <subfield code="a">INFORMATION SCIENCE::Information Science::Communication::Social Networking::Online Social Networking</subfield>
   </datafield>
   <datafield tag="653" ind2=" " ind1=" ">
      <subfield code="a">ANALYTICAL, DIAGNOSTIC AND THERAPEUTIC TECHNIQUES, AND EQUIPMENT::Investigative Techniques::Epidemiologic Methods::Data Collection::Surveys and Questionnaires</subfield>
   </datafield>
   <datafield tag="653" ind2=" " ind1=" ">
      <subfield code="a">DENOMINACIONES DE GRUPOS::personas::grupos profesionales::personal sanitario::médicos::oncólogos::médicos especialistas en oncología radioterápica</subfield>
   </datafield>
   <datafield tag="653" ind2=" " ind1=" ">
      <subfield code="a">CIENCIA DE LA INFORMACIÓN::Ciencias de la información::comunicación::redes sociales::redes sociales en línea</subfield>
   </datafield>
   <datafield tag="653" ind2=" " ind1=" ">
      <subfield code="a">TÉCNICAS Y EQUIPOS ANALÍTICOS, DIAGNÓSTICOS Y TERAPÉUTICOS::técnicas de investigación::métodos epidemiológicos::recopilación de datos::encuestas y cuestionarios</subfield>
   </datafield>
   <datafield ind2="0" ind1="0" tag="245">
      <subfield code="a">Use of social media in radiation oncology: multicenter data from the GOCO Group</subfield>
   </datafield>
</record></metadata></record></GetRecord></OAI-PMH>